Archer Ltd v Richard Henry Robinson (VO) (Record no. 73414)
[ view plain ]
| 000 -LEADER | |
|---|---|
| fixed length control field | 01753cam a2200241 4500 |
| 001 - CONTROL NUMBER | |
| control field | LT123623 |
| 008 - FIXED-LENGTH DATA ELEMENTS--GENERAL INFORMATION | |
| fixed length control field | 030916n2003 000 0 eng u |
| 035 ## - SYSTEM CONTROL NUMBER | |
| System control number | (Sirsi) u123623 |
| 245 ## - TITLE STATEMENT | |
| Title | Archer Ltd v Richard Henry Robinson (VO) |
| 260 ## - PUBLICATION, DISTRIBUTION, ETC. | |
| Date of publication, distribution, etc. | 2003 |
| 520 ## - SUMMARY, ETC. | |
| Summary, etc. | RA/19/2002, 6 January 2003. The assessment of a factory and premises was determined by a valuation tribunal at £32 000 rateable value in the 1995 rating list. A appealed and wanted the sum to be reduced to £8 000. In 1992 A took a five-year lease on the property on full repairing and insuring terms. Within the terms of the lease, the landlord would carry out specified works, including replacing the existing roof lights. After the ratepayer had moved in it was discovered that the new lights had not been correctly installed. The key issue was the effect of the fact that at the material day the roof was cracked and leaking. The secondary issues that arose were whether the repairing works constituted repairs and if so, whether a reasonable landlord would have deemed them uneconomic. "Held", the appeal property was to be valued on the assumption that, before the hypothetical tenancy began, it had been repaired by way of over-roofing. View decision at www.courtservice.gov.uk/tribunals/lands_frm.htm. |
| 650 ## - SUBJECT ADDED ENTRY--TOPICAL TERM | |
| Topical term or geographic name entry element | ARCHER LTD V ROBINSON (VO) |
| 650 ## - SUBJECT ADDED ENTRY--TOPICAL TERM | |
| Topical term or geographic name entry element | ANNUAL VALUE |
| 650 ## - SUBJECT ADDED ENTRY--TOPICAL TERM | |
| Topical term or geographic name entry element | ROOFING |
| 650 ## - SUBJECT ADDED ENTRY--TOPICAL TERM | |
| Topical term or geographic name entry element | LOCAL GOVERNMENT FINANCE ACT 1988 |
| 650 ## - SUBJECT ADDED ENTRY--TOPICAL TERM | |
| Topical term or geographic name entry element | RATING (VALUATION) ACT 1999 |
| 650 ## - SUBJECT ADDED ENTRY--TOPICAL TERM | |
| Topical term or geographic name entry element | LEAKS |
| 650 ## - SUBJECT ADDED ENTRY--TOPICAL TERM | |
| Topical term or geographic name entry element | HYPOTHETICAL LANDLORDS |
| 650 ## - SUBJECT ADDED ENTRY--TOPICAL TERM | |
| Topical term or geographic name entry element | REPAIRS |
| 690 ## - LOCAL SUBJECT ADDED ENTRY--TOPICAL TERM (OCLC, RLIN) | |
| Topical term or geographic name as entry element | PROPERTY-PROPERTY APPRAISAL AND VALUATION |
| 856 ## - ELECTRONIC LOCATION AND ACCESS | |
| Uniform Resource Identifier | <a href="https://www.courtservice.gov.uk/tribunals/lands/decisions/ra-19-2002.htm">https://www.courtservice.gov.uk/tribunals/lands/decisions/ra-19-2002.htm</a> |
| Public note | View decision on the Court Service website... |
| 942 ## - ADDED ENTRY ELEMENTS (KOHA) | |
| Suppress in OPAC | 0 |
| Withdrawn status | Lost status | Source of classification or shelving scheme | Damaged status | Not for loan | Home library | Current library | Shelving location | Date acquired | Total Checkouts | Full call number | Barcode | Date last seen | Copy number | Price effective from | Koha item type |
|---|---|---|---|---|---|---|---|---|---|---|---|---|---|---|---|
| Dewey Decimal Classification | Virtual | Virtual | Online | 16/09/2003 | ONLINE PUBLICATION | 123623-2001 | 06/08/2019 | 1 | 06/08/2019 | Law report |